| 000 | 00604nam a2200193 a 4500 | ||
|---|---|---|---|
| 005 | 20140310183224.0 | ||
| 008 | 040212s19uu xx 00 eng d | ||
| 020 | _a9710829548 | ||
| 050 |
_aBF 713 _b.H87 1982 |
||
| 100 | _aHurlock, Elizabeth B | ||
| 245 |
_aDevelopmental Psychology : _bA life-span approach / _cElizabeth B. Hurlock. |
||
| 250 | _a5th ed. | ||
| 260 |
_aNew York : _bMcGraw-Hill; reprinted in the Phils. by National Book Store, _c1982. |
||
| 300 |
_axiv, 477p. : _c25 cm. _bill. ; |
||
| 521 | _aPSYCH | ||
| 650 | _aDevelopmental psychology | ||
| 942 |
_cBK _2lcc _kFOR |
||
| 999 |
_c20383 _d20383 |
||